| 000 | 01154nam a22001937a 4500 | ||
|---|---|---|---|
| 003 | JO-AjAnu | ||
| 005 | 20240605114644.0 | ||
| 008 | 240414b jo ||||| |||| 00| 0 ara d | ||
| 040 |
_aJO-AjAnu _bara _cJO-AjAnu |
||
| 041 | 0 | _aara | |
| 100 | 1 |
_aالمومني، عبيدة محمد جميل _eمعد _965357 |
|
| 245 | 1 | 0 |
_aأثر ممارسات ادارة الاحتواء العالي على الالتزام التنظيمي لدى العاملين في البنوك التجارية الاردنية = The Impact of High Involvement Management Practices on Organizational Commitment of Employees at Jordanian Commercial Banks / _cاعداد عبيدة محمد جميل المومني ؛ اشراف علي فلاح الزعبي |
| 260 | _c2023 | ||
| 300 | _a130 ورقة | ||
| 501 | _aرسالة جامعية ( رسالة ماجستير في ادارة الاعمال ) - جامعة عجلون الوطنية ( عجلون، الاردن)، كلية الاعمال، 2023 | ||
| 650 | 7 | 0 |
_aالموظفون - الولاء التنظيمي - الالتزام _965358 |
| 700 | 1 |
_aالزعبي، علي فلاح _928684 _eمشرف |
|
| 942 |
_2lcc _cTHS _n0 |
||
| 999 |
_c33451 _d33451 |
||